000 00409nam a2200097Ia 4500
008 180130s9999 xx 000 0 und d
245 _cMeiri, Noam
_aThe actor as eternal child: the role of play in the training of actors
260 _c2014
300 _aBook title: Play : psychoanalytic perspectives, survival and human development--Acession number C18636; pages 197-209
650 _aPLAY--PSYCHOLOGICAL ASPECTS
999 _c354518
_d354518